[Event "Berlin-ch Seniors op 27th"]
[Site "Berlin"]
[Date "2011.02.02"]
[Round "5"]
[White "Hesselbarth, Karlheinz"]
[Black "Lemnitz, Donald"]
[Result "1-0"]
[WhiteElo "1622"]
[BlackElo "1295"]
[PlyCount "53"]
[EventDate "2011.01.29"]
[EventType "swiss"]
[EventRounds "9"]
[EventCountry "GER"]
[SourceTitle "EXT 2012"]
[Source "ChessBase"]
[SourceDate "2011.11.24"]
[SourceVersion "1"]
[SourceVersionDate "2011.11.24"]
[SourceQuality "1"]

1. d4 d5 2. Nf3 e6 3. c4 c5 4. cxd5 exd5 5. g3 Nf6 6. Bg2 Be7 7. 0-0 0-0 8. Nc3 c4 9. Ne5 Nc6 10. Bg5 Be6 11. Rc1 Rc8 12. e3 a6 13. f4 Nxe5 14. dxe5 Ng4 15. Bxe7 Qxe7 16. Qd4 Qc5 17. f5 Qxd4 18. exd4 Bd7 19. Nxd5 Rce8 20. Rf4 Nh6 21. g4 Kh8 22. Rxc4 Rc8 23. Nb6 Rxc4 24. Nxc4 Rc8 25. d5 b5 26. Ne3 Rc1+ 27. Rf1 1-0

[Event "Berlin-ch Seniors op 27th"]
[Site "Berlin"]
[Date "2011.01.30"]
[Round "2"]
[White "Lemnitz, Donald"]
[Black "Maier Arnold, Heinrich"]
[Result "1-0"]
[WhiteElo "1295"]
[BlackElo "1598"]
[PlyCount "79"]
[EventDate "2011.01.29"]
[EventType "swiss"]
[EventRounds "9"]
[EventCountry "GER"]
[SourceTitle "EXT 2012"]
[Source "ChessBase"]
[SourceDate "2011.11.24"]
[SourceVersion "1"]
[SourceVersionDate "2011.11.24"]
[SourceQuality "1"]

1. e4 c5 2. Bc4 a6 3. Nc3 Nc6 4. Nf3 d6 5. h3 e6 6. 0-0 b5 7. Be2 Nd4 8. Nxd4 cxd4 9. Nb1 Bb7 10. d3 Be7 11. Nd2 Nf6 12. Nf3 e5 13. Bd2 Nd7 14. c3 dxc3 15. bxc3 0-0 16. a4 bxa4 17. Rxa4 Nc5 18. Ra1 Qd7 19. Be3 Rfc8 20. Nd2 f5 21. exf5 Rc7 22. Bxc5 Rxc5 23. Bg4 Bf6 24. Nc4 Qc7 25. Rb1 e4 26. Nxd6 Qxd6 27. Rxb7 exd3 28. Qb3+ Kh8 29. Rb1 h6 30. Bh5 Rcc8 31. c4 d2 32. g3 Rd8 33. Bf3 Qe5 34. Qd1 Qxf5 35. g4 Qf4 36. R7b3 Be5 37. Kf1 Rac8 38. Re3 Bd4 39. Re4 Qg5 40. Qe2 1-0

[Event "Berlin-ch Seniors op 25th"]
[Site "Berlin"]
[Date "2009.02.19"]
[Round "8"]
[White "Bremer, Helmut"]
[Black "Lemnitz, Donald"]
[Result "0-1"]
[WhiteElo "1222"]
[BlackElo "1249"]
[PlyCount "86"]
[EventDate "2009.02.12"]
[EventType "swiss"]
[EventRounds "9"]
[EventCountry "GER"]
[SourceTitle "EXT 2022"]
[Source "ChessBase"]
[SourceDate "2021.10.06"]
[SourceVersion "1"]
[SourceVersionDate "2021.10.06"]
[SourceQuality "1"]

1. e4 c5 2. f4 e6 3. Nf3 d6 4. d3 Nd7 5. f5 e5 6. Nc3 Ngf6 7. Bg5 Be7 8. Nd5 Nxd5 9. Bxe7 Qxe7 10. exd5 Nf6 11. c4 0-0 12. Nh4 Nxd5 13. Qg4 Nf6 14. Qg3 Re8 15. 0-0-0 Bd7 16. Be2 Bc6 17. Rhf1 a6 18. Rd2 b5 19. Bf3 Bxf3 20. Rxf3 Kh8 21. Qf2 b4 22. h3 Rg8 23. g4 Raf8 24. g5 Nh5 25. Qe2 Qxg5 26. Ng2 Qd8 27. Ne3 Re8 28. Nd5 Nf6 29. Ne3 Re7 30. Qg2 Qa8 31. Qg5 Qxf3 32. Nd5 Nxd5 33. cxd5 Qf1+ 34. Kc2 Qf4 35. Qxe7 Qxf5 36. Qxd6 c4 37. Qxb4 cxd3+ 38. Rxd3 Rc8+ 39. Kd2 Qf2+ 40. Kd1 Qc2+ 41. Ke1 Qxd3 42. Qb7 Rc1+ 43. Kf2 Rc2+ 0-1

[Event "Berlin-ch Seniors op 25th"]
[Site "Berlin"]
[Date "2009.02.18"]
[Round "7"]
[White "Lemnitz, Donald"]
[Black "Hahn, Wolfgang"]
[Result "1/2-1/2"]
[WhiteElo "1249"]
[BlackElo "1547"]
[PlyCount "63"]
[EventDate "2009.02.12"]
[EventType "swiss"]
[EventRounds "9"]
[EventCountry "GER"]
[SourceTitle "EXT 2022"]
[Source "ChessBase"]
[SourceDate "2021.10.06"]
[SourceVersion "1"]
[SourceVersionDate "2021.10.06"]
[SourceQuality "1"]

1. Nf3 d5 2. d4 Nf6 3. e3 Bg4 4. Bd3 e6 5. 0-0 Nbd7 6. Nbd2 Bd6 7. c3 e5 8. e4 exd4 9. cxd4 dxe4 10. Nxe4 0-0 11. Nxd6 cxd6 12. Re1 Re8 13. Bg5 Rxe1+ 14. Qxe1 Bxf3 15. gxf3 h6 16. Bf4 Nb6 17. b3 Nbd5 18. Bd2 Qd7 19. Kh1 Re8 20. Qg1 Kh8 21. Qf1 Nh5 22. Bb5 Qd8 23. Bxe8 Qxe8 24. Re1 Qd7 25. Re4 Qf5 26. Qd3 Kh7 27. f4 Nhf6 28. f3 Qg6 29. Qe2 Nxe4 30. fxe4 Nf6 31. f5 Qg4 32. Qxg4 1/2-1/2

[Event "Berlin-ch Seniors op 25th"]
[Site "Berlin"]
[Date "2009.02.17"]
[Round "6"]
[White "Platow, Gerd"]
[Black "Lemnitz, Donald"]
[Result "1-0"]
[WhiteElo "1454"]
[BlackElo "1249"]
[PlyCount "73"]
[EventDate "2009.02.12"]
[EventType "swiss"]
[EventRounds "9"]
[EventCountry "GER"]
[SourceTitle "EXT 2022"]
[Source "ChessBase"]
[SourceDate "2021.10.06"]
[SourceVersion "1"]
[SourceVersionDate "2021.10.06"]
[SourceQuality "1"]

1. e4 c5 2. Bc4 e6 3. Nf3 b6 4. 0-0 Bb7 5. Nc3 a6 6. d4 cxd4 7. Nxd4 d6 8. f4 Nd7 9. f5 e5 10. Nf3 Ngf6 11. Ng5 d5 12. Bxd5 Nxd5 13. exd5 Bc5+ 14. Kh1 Nf6 15. Nge4 Nxe4 16. Nxe4 Qxd5 17. Qxd5 Bxd5 18. Nxc5 bxc5 19. Be3 Rc8 20. f6 g6 21. Bh6 Rg8 22. b3 Ba8 23. Rad1 Rd8 24. Kg1 Rd7 25. c4 Kd8 26. Be3 Re8 27. Bxc5 e4 28. Be7+ Kc7 29. Rxd7+ Kxd7 30. Rd1+ Kc8 31. Kf2 Kc7 32. Ke3 h5 33. h4 Bb7 34. b4 Kb8 35. Rd7 Ka8 36. Bd6 Bc6 37. Rxf7 1-0

[Event "Berlin-ch Seniors op 24th"]
[Site "Berlin"]
[Date "2008.02.27"]
[Round "7"]
[White "Ahlberg, Guenter"]
[Black "Lemnitz, Donald"]
[Result "1-0"]
[WhiteElo "1825"]
[BlackElo "1282"]
[PlyCount "45"]
[EventDate "2008.02.21"]
[EventType "swiss"]
[EventRounds "9"]
[EventCountry "GER"]
[SourceTitle "EXT 2022"]
[Source "ChessBase"]
[SourceDate "2021.10.06"]
[SourceVersion "1"]
[SourceVersionDate "2021.10.06"]
[SourceQuality "1"]

1. e4 c5 2. Nf3 e6 3. c3 b6 4. d4 cxd4 5. cxd4 Bb7 6. Bd3 d6 7. 0-0 Nf6 8. Nc3 a6 9. Qe2 Nbd7 10. Bf4 Qc7 11. Rac1 Rc8 12. Bxa6 Qb8 13. Bxb7 Qxb7 14. Rfd1 Nh5 15. Be3 Be7 16. d5 e5 17. Nxe5 Nxe5 18. f4 Nxf4 19. Bxf4 Bf6 20. Nb5 Kd7 21. Nd4 Ke7 22. Nf5+ Kd7 23. Qb5+ 1-0

[Event "Berlin-ch Seniors op 24th"]
[Site "Berlin"]
[Date "2008.02.26"]
[Round "6"]
[White "Lemnitz, Donald"]
[Black "Poeltelt, Helmut"]
[Result "1/2-1/2"]
[WhiteElo "1282"]
[BlackElo "1505"]
[PlyCount "63"]
[EventDate "2008.02.21"]
[EventType "swiss"]
[EventRounds "9"]
[EventCountry "GER"]
[SourceTitle "EXT 2022"]
[Source "ChessBase"]
[SourceDate "2021.10.06"]
[SourceVersion "1"]
[SourceVersionDate "2021.10.06"]
[SourceQuality "1"]

1. Nf3 e6 2. c4 d5 3. d4 Be7 4. g3 Nf6 5. Bg2 Bd7 6. 0-0 dxc4 7. Nc3 Bc6 8. Bf4 a6 9. a4 Nbd7 10. Re1 0-0 11. Qc2 Nd5 12. Ne5 Nxf4 13. Nxc6 Nxe2+ 14. Qxe2 bxc6 15. Bxc6 Rb8 16. Bxd7 Qxd7 17. Qxc4 Rxb2 18. Rab1 Rfb8 19. Rbd1 Qc8 20. d5 R8b4 21. Qc6 Rb6 22. Qc4 R2b4 23. Qd3 Bd6 24. dxe6 fxe6 25. Qe2 Rb3 26. Ne4 e5 27. Nxd6 cxd6 28. Rc1 Qe6 29. Qe4 Rb2 30. Qa8+ Rb8 31. Qxa6 Qa2 32. Rc8+ 1/2-1/2

[Event "Berlin-ch Seniors op 23rd"]
[Site "Berlin"]
[Date "2007.02.13"]
[Round "9"]
[White "Lemnitz, Donald"]
[Black "Pueschel, Gisela"]
[Result "1-0"]
[WhiteElo "1286"]
[BlackElo "1176"]
[PlyCount "45"]
[EventDate "2007.02.05"]
[EventType "swiss"]
[EventRounds "9"]
[EventCountry "GER"]
[SourceTitle "EXT 2022"]
[Source "ChessBase"]
[SourceDate "2021.10.06"]
[SourceVersion "1"]
[SourceVersionDate "2021.10.06"]
[SourceQuality "1"]

1. d4 e6 2. Nf3 Nf6 3. c3 b6 4. e3 Bb7 5. Bd3 Be7 6. 0-0 0-0 7. Nbd2 d6 8. Qe2 Nbd7 9. e4 e5 10. Re1 Rc8 11. dxe5 Nxe5 12. Nxe5 dxe5 13. Nf3 Bd6 14. Bg5 Re8 15. Rad1 c5 16. Bc2 Qe7 17. Nh4 h6 18. Nf5 Qf8 19. Bxf6 gxf6 20. Nxd6 Red8 21. Nxc8 Rxd1 22. Rxd1 Bxc8 23. Qd2 1-0

[Event "Berlin-ch Seniors op 23rd"]
[Site "Berlin"]
[Date "2007.02.11"]
[Round "7"]
[White "Lemnitz, Donald"]
[Black "Rollwitz, Inge"]
[Result "1/2-1/2"]
[WhiteElo "1286"]
[BlackElo "1288"]
[PlyCount "39"]
[EventDate "2007.02.05"]
[EventType "swiss"]
[EventRounds "9"]
[EventCountry "GER"]
[SourceTitle "EXT 2022"]
[Source "ChessBase"]
[SourceDate "2021.10.06"]
[SourceVersion "1"]
[SourceVersionDate "2021.10.06"]
[SourceQuality "1"]

1. d4 d5 2. Nf3 e6 3. e3 Nf6 4. Bd3 c5 5. c3 c4 6. Bc2 Be7 7. 0-0 0-0 8. Nbd2 b5 9. e4 Bb7 10. e5 Ne4 11. Qe2 Ng5 12. Nxg5 Bxg5 13. Nf3 Be7 14. Bd2 Nd7 15. b4 Bc6 16. a4 Nb6 17. a5 Nd7 18. Rad1 f5 19. exf6 Nxf6 20. Rfe1 1/2-1/2

[Event "Berlin Eckbauer op 09th"]
[Site "Berlin"]
[Date "2006.11.20"]
[Round "7"]
[White "Lemnitz, Donald"]
[Black "Stadelmann, Bernd"]
[Result "0-1"]
[WhiteElo "1339"]
[BlackElo "1263"]
[PlyCount "41"]
[EventDate "2006.10.09"]
[EventType "swiss"]
[EventRounds "7"]
[EventCountry "GER"]
[SourceTitle "EXT 2022"]
[Source "ChessBase"]
[SourceDate "2021.10.06"]
[SourceVersion "1"]
[SourceVersionDate "2021.10.06"]
[SourceQuality "1"]

1. d4 e5 2. dxe5 Nc6 3. Nf3 Qe7 4. Nc3 Nxe5 5. e4 f5 6. Nd4 d6 7. Nd5 Qf7 8. Nb5 c6 9. Nbc7+ Kd8 10. Nxa8 cxd5 11. Qxd5 Qxd5 12. exd5 b6 13. Be3 Nd7 14. Bb5 Ngf6 15. Bc6 Be7 16. Bxd7 Kxd7 17. 0-0-0 Bb7 18. Nxb6+ axb6 19. Bxb6 Nxd5 20. Bd4 Nf4 21. Rhg1 0-1

[Event "Berlin Eckbauer op 09th"]
[Site "Berlin"]
[Date "2006.11.13"]
[Round "6"]
[White "Lemnitz, Donald"]
[Black "Mahler, Sonja"]
[Result "1/2-1/2"]
[WhiteElo "1339"]
[BlackElo "1280"]
[PlyCount "43"]
[EventDate "2006.10.09"]
[EventType "swiss"]
[EventRounds "7"]
[EventCountry "GER"]
[SourceTitle "EXT 2022"]
[Source "ChessBase"]
[SourceDate "2021.10.06"]
[SourceVersion "1"]
[SourceVersionDate "2021.10.06"]
[SourceQuality "1"]

1. e4 e5 2. Nf3 Nc6 3. d4 exd4 4. Nxd4 Ne5 5. Nc3 c6 6. f4 Ng6 7. Bd3 a6 8. Be3 Bb4 9. 0-0 d6 10. Qe1 Qc7 11. Qg3 Kf8 12. Nf3 Bxc3 13. bxc3 c5 14. Bc4 h6 15. e5 N8e7 16. exd6 Qxd6 17. Rad1 Qb6 18. Bxc5 Qa5 19. Rfe1 Qxc5+ 20. Kh1 Bf5 21. Bb3 Nc6 22. Rd5 1/2-1/2

[Event "Berlin Eckbauer op 09th"]
[Site "Berlin"]
[Date "2006.11.06"]
[Round "5"]
[White "Prinz, Tade"]
[Black "Lemnitz, Donald"]
[Result "1-0"]
[WhiteElo "1495"]
[BlackElo "1339"]
[PlyCount "37"]
[EventDate "2006.10.09"]
[EventType "swiss"]
[EventRounds "7"]
[EventCountry "GER"]
[SourceTitle "EXT 2022"]
[Source "ChessBase"]
[SourceDate "2021.10.06"]
[SourceVersion "1"]
[SourceVersionDate "2021.10.06"]
[SourceQuality "1"]

1. e4 c5 2. Nc3 e6 3. Bc4 Nc6 4. a3 Nf6 5. Bb3 d6 6. d3 Be7 7. Be3 0-0 8. f4 b6 9. g4 Bb7 10. g5 Ne8 11. h4 Qd7 12. h5 Rc8 13. Qg4 Rc7 14. Nf3 a6 15. g6 h6 16. gxf7+ Rxf7 17. Bxe6 Qd8 18. Nd5 Nf6 19. Qg6 1-0